Toxteth case study - Statistics

General Stats
  • This quiz has been taken 5 times
  • The average score is 6 of 19
Answer Stats
Hint Answer % Correct
What century was it a royal hunting forest? 13
100%
What century did small scale industry begin? 17
100%
What century was there a lack of space leading to poorly built,cheap housing was built? 19
100%
What year did Liverpool receive EU funding due to be the European city of culuture/ 2008
100%
What year did the Liverpool Science Park start? 2003
67%
What % of residents are owner occupiers? 24
67%
How long was it a royal hunting forest? 300
33%
What river flows past Toxteth? Mersey
33%
What % of residents have bad/very bad health? 10
0%
What % of residents aged 16+ have no formal qualifications? 27
0%
How many wards make up Liverpool City Council? 30
0%
What % of residents socially rent? 34
0%
What % of residents are Asian? 5
0%
What % of residents have no access to car or van? 54
0%
What % of residents are miced? 6
0%
What % of residents are black African/Caribbean? 7
0%
What % of residents are white? 79
0%
What was there an increase in during the industrial revolution? Manufacturing (Ship building and factories)
0%
What ward is it part of? Riverside Ward
0%
No matching quizzes found
Score Distribution
Percent of People with Each Score
Percentile by Number Answered
Your Score History
You have not taken this quiz